Epigenetická kontrola mitochondriálneho metabolizmu v bunkách testikulárneho karcinómu
Na minha lista:
| Autor principal: | |
|---|---|
| Outros Autores: | |
| Formato: | Manuscrito Livro |
| Idioma: | eslovaco |
| Publicado em: |
2025
|
| Assuntos: | |
| Acesso em linha: | http://is.stuba.sk/zp/portal_zp.pl?podrobnosti=185296 |
| Tags: |
Sem tags, seja o primeiro a adicionar uma tag!
|
MARC
| LEADER | 00000ntm a22000003a 4500 | ||
|---|---|---|---|
| 001 | stuzp105133 | ||
| 003 | SK-STU | ||
| 005 | 20250607211202.7 | ||
| 007 | ta | ||
| 008 | 150427s2015----xo-----f-mn---000-0-slo-d | ||
| 040 | |a STU |b slo | ||
| 041 | 0 | |a slo | |
| 100 | 1 | |a Sámelová, Katarína |u 043000 |4 aut |U FCHPT Fakulta chemickej a potravinárskej technológie |T FCHPT Ústav biochémie a mikrobiológie |X 128477 |U C3000 |Y 101 |7 128477 | |
| 242 | 0 | 1 | |a Epigenetic control of mitochondrial metabolism in testicular carcinoma cells |y eng |
| 245 | 1 | 0 | |a Epigenetická kontrola mitochondriálneho metabolizmu v bunkách testikulárneho karcinómu |
| 260 | |c 2025 | ||
| 650 | 4 | |a mitophagy |2 eng | |
| 650 | 4 | |a cisplatin |2 eng | |
| 650 | 4 | |a chemoresistance |2 eng | |
| 650 | 4 | |a mitochondria |2 eng | |
| 650 | 4 | |a testicular germ cell tumor |2 eng | |
| 650 | 4 | |a mitofágia |2 slo | |
| 650 | 4 | |a cisplatina |2 slo | |
| 650 | 4 | |a chemorezistencia |2 slo | |
| 650 | 4 | |a testikulárny germinálny nádor |2 slo | |
| 650 | 4 | |a mitochondrie |2 slo | |
| 700 | 1 | |a Jurkovičová, Dana |4 ths |X 78417 |7 78417 | |
| 856 | 4 | |u http://is.stuba.sk/zp/portal_zp.pl?podrobnosti=185296 | |